000 01795cam a22004694i 4500
003 PE-LiUPU
005 20250731173530.0
008 150616s r 000 0 d
020 _a0802838022
035 _a(Sirsi) i9780802838025
040 _aPE-LiUPU
_bspa
_cPE-LiUPU
_erda
049 _aPRUA
082 0 4 _a264.2
_bG25
_221
100 1 _aGariepy, Henry,
_eautor.
245 1 0 _aSongs in the night :
_binspiring stories behind 100 hymns born in trial and suffering /
_cHenry Gariepy.
264 1 _aMichigan :
_bW. B. Eerdmans Publishing Co.,
_c1996.
300 _a254 páginas ;
_c23 centímetros
336 _atext
_2rdacontent
337 _aunmediated
_2rdamedia
338 _avolume
_2rdacarrier
505 0 _aSongs of faith.- Songs of prayer.- Songs of salvation.- Songs of the cross.- Songs of devotion.- Songs of testimony.- Fanny crosby - queen of sacred song.- Songs of service.- Songs of life after death.- Songs of history.- Songs in the Bible.- Songs of an army.
526 _aSEG42
526 _aSEG41
526 _aSEG40
526 _aSEG39
526 _aP94
526 _aP87
526 _aP86
526 _aP85
526 _aP77
526 _aP76
526 _aP35
650 0 4 _aHimnos religiosos
_xInglés
_vHistoria y crítica.
650 0 4 _aHimnos
_xUso devocional.
910 _ajck
_bjvq
_cjck
942 _2ddc
_cBOOK
949 _a264.2 G25
_wDEWEY
_c1
_i42246
_lCCODEBUL1
_mBUL
_r0
_sY
_tBOOK
_u2015-6-16
_xTEOLOGIA
_zUNKNOWN
_0COMPRA
_o.STAFF. Colección General
994 _aC0
_bPEPRU
596 _a1
999 _a264.2 G25
_wDEWEY
_c60078
_i42246
_f2021-11-10
_g5
_lCCODEBUL1
_mBUL
_r0
_sY
_tBOOK
_u2015-6-16
_xTEOLOGIA
_zUNKNOWN
_0COMPRA
_o.STAFF. Colección General
_d60078
980 _81
_gALBERTO SANCHEZ Responsable de Automatización